000 01251 a2200265 4500
003 Nust
005 20220722123732.0
010 _a 2005013736
020 _a0470094532 (cloth : alk. paper)
020 _a9780470094532 (cloth : alk. paper)
040 _cNust
082 0 0 _a004.68,SAN
100 1 _aSanti, Paolo.
_994572
245 1 0 _aTopology control in wireless ad hoc and sensor networks /
_cPaolo Santi.
260 _aChichester, England ;
_aHoboken, N.J. :
_bWiley,
_cc2005.
300 _axxv, 252 p. :
_bill.;
_c25 cm.
505 _aIntroduction (Page-1), The Critical Transmitting Range (Page-37), Topology Optimization Problems (Page-71), Distributed Topology Control (Page-95), Toward an Implementation of Topology Control (Page-159), Case Study and Appendices (Page-201)
650 0 _aSensor networks.
_994573
650 0 _aWireless communication systems.
_9594
650 0 _aWireless LANs.
_994460
856 4 1 _3Contributor biographical information
_uhttp://www.loc.gov/catdir/enhancements/fy0622/2005013736-b.html
856 4 1 _3Publisher description
_uhttp://www.loc.gov/catdir/enhancements/fy0622/2005013736-d.html
856 4 1 _3Table of contents only
_uhttp://www.loc.gov/catdir/toc/ecip0513/2005013736.html
942 _2ddc
_cREF
999 _c179733
_d179733